000 00594nam a2200205Ia 4500
003 GCL
008 140319s9999 xx 000 0 eng d
040 _aGCL /
_cGCL
082 0 4 _a616.079
_bR C
100 1 _aSHEAREI, WILLEAM T
245 1 0 _aCLINICAL IMMUNOLGY - PRENCIPLES AND PRACTICE /
_cSHEAREI, WILLEAM T
700 1 _aRIEH, ROBERT R
700 1 _aFLEISHER, THOMAS A
260 _a[S.N] :
_bMOSBY -YEAR BOOK , JNC ،
_c1996
650 0 4 _aIMMUNOLOGY
650 0 4 _aIMMUNOLOGICAL DISEASES
650 0 4 _aIMMUNE SYSTEM PHYSIOLOGY
650 0 4 _aIMMUNETY - PHYSIOLOGY
942 _2ddc
_cBK
999 _c10779
_d10779